000 00442nam a2200181Ia 4500
001 20546
005 20260306172814.0
008 260306t1996||||xx |||||||||||||| ||spa||
041 _aESP
082 _a343.4
_bE77
100 _aEscobar de la serna, Luis
_eAUT
245 0 _aManual de derecho de la informacion
260 _c1996
300 _axx, 688 páginas :
_c21 cm.
650 _aGEN
654 _aCDE
942 _cLIB
_dJUS
_fJUS
_2ddc
_n
999 _c20546
_d20546